000 00414nam a22001697a 4500
003 SGT
020 _a9789386261229
082 _a615.8
_bE17N
100 _aNAGAR, SATYA BHUSHAN
245 _aESSENTIALS OF COMMUNITY BASED REHABILITATION
250 _a1ST
260 _aINDIA
_bJAYPEE PUB
_c2017
300 _a442
650 _aPHYSIOTHERAPY
653 _a COMMUNITY BASED REHABILITATION
942 _2ddc
_cBK
999 _c30968
_d30968